How Citizens Assess Just Punishment for Police Misconduct

Guardado en:  
Detalles Bibliográficos
Autores principales: Seron, Carroll (Autor) ; Pereira, Joseph (Autor) ; Kovath, Jean (Autor)
Tipo de documento: Print Artículo
Lenguaje:Inglés
Publicado: 2006
En: Criminology
Año: 2006, Volumen: 44, Número: 4, Páginas: 925-960
Verificar disponibilidad: HBZ Gateway
Palabras clave:

MARC

LEADER 00000caa a22000002c 4500
001 1639280200
003 DE-627
005 20220608124621.0
007 tu
008 160223s2006 xx ||||| 00| ||eng c
035 |a (DE-627)1639280200 
035 |a (DE-576)455825661 
035 |a (DE-599)BSZ455825661 
040 |a DE-627  |b ger  |c DE-627  |e rakwb 
041 |a eng 
100 1 |a Seron, Carroll  |4 aut 
245 1 0 |a How Citizens Assess Just Punishment for Police Misconduct  |c Carroll Seron, Joseph Pereira, Jean Kovath 
264 1 |c 2006 
336 |a Text  |b txt  |2 rdacontent 
337 |a ohne Hilfsmittel zu benutzen  |b n  |2 rdamedia 
338 |a Band  |b nc  |2 rdacarrier 
700 1 |a Pereira, Joseph  |4 aut 
700 1 |a Kovath, Jean  |4 aut 
773 0 8 |i In  |t Criminology  |d Hoboken, NJ : Wiley, 1970  |g 44(2006), 4, Seite 925-960  |w (DE-627)129888508  |w (DE-600)301688-2  |w (DE-576)015191346  |x 0011-1384  |7 nnas 
773 1 8 |g volume:44  |g year:2006  |g number:4  |g pages:925-960 
935 |a mkri 
951 |a AR 
ELC |b 1 
LOK |0 000 xxxxxcx a22 zn 4500 
LOK |0 001 3299721984 
LOK |0 003 DE-627 
LOK |0 004 1639280200 
LOK |0 005 20250623125108 
LOK |0 008 160208||||||||||||||||ger||||||| 
LOK |0 040   |a DE-21-110  |c DE-627  |d DE-21-110 
LOK |0 689   |a s  |a Fehlverhalten 
LOK |0 689   |a s  |a Polizei 
LOK |0 689   |a s  |a Soziale Norm 
LOK |0 689   |a s  |a Sanktionierung 
LOK |0 689   |a s  |a Rasse 
LOK |0 689   |a s  |a Gerechtigkeitsvorstellungen 
LOK |0 689   |a s  |a Bürger 
LOK |0 689   |a s  |a Gesetzesnorm 
LOK |0 852   |a DE-21-110 
LOK |0 852 1  |m p  |9 00 
LOK |0 935   |a k110 
LOK |0 938   |k p 
LOK |0 939   |a 08-02-16  |b l01 
ORI |a SA-MARC-krimdoka001.raw